Piaceri singolari

Saved in:
書目詳細資料
主要作者: Matthews Harry
格式: 圖書
語言:Undetermined
出版: Milano ES 1998
標簽: 添加標簽
沒有標簽, 成為第一個標記此記錄!

MARC

LEADER 00000nam a2200000Ia 4500
001 10
003 NUMERAZIONE-ORIGINALE-BRESCIA
005 20260206230746.0
008 260206s9999 xx 000 0 und d
100 |a Matthews Harry 
245 0 |a Piaceri singolari 
260 |a Milano 
260 |b ES 
260 |c 1998 
500 |a Ars amandi 
942 |2 ddc  |c BK  |n 0 
952 |0 0  |1 0  |2 ddc  |4 0  |6 23  |7 0  |9 28186  |a BS  |b BS  |d 2026-02-06  |i 10  |l 0  |o 2-3-*  |r 2026-02-06 22:40:30  |w 2026-02-06  |x [REVISIONARE]  |y BK 
999 |c 23892  |d 23892